<?xml version="1.0" encoding="UTF-8"?>
<record
    xmlns:xsi="http://www.w3.org/2001/XMLSchema-instance"
    xsi:schemaLocation="http://www.loc.gov/MARC21/slim http://www.loc.gov/standards/marcxml/schema/MARC21slim.xsd"
    xmlns="http://www.loc.gov/MARC21/slim">

  <leader>00897nam a22002417a 4500</leader>
  <controlfield tag="003">AR-BeUNQ</controlfield>
  <controlfield tag="005">20250319141037.0</controlfield>
  <controlfield tag="008">250319b20232025spa   |dr  ||o00| 0dspa c</controlfield>
  <datafield tag="020" ind1=" " ind2=" ">
    <subfield code="a">9789504671411</subfield>
  </datafield>
  <datafield tag="040" ind1=" " ind2=" ">
    <subfield code="a">AR-BeUNQ</subfield>
    <subfield code="b">spa</subfield>
    <subfield code="c">AR-BeUNQ</subfield>
    <subfield code="e">aacr</subfield>
  </datafield>
  <datafield tag="082" ind1=" " ind2=" ">
    <subfield code="2">21</subfield>
    <subfield code="a">A863  GAR</subfield>
  </datafield>
  <datafield tag="245" ind1=" " ind2=" ">
    <subfield code="a">Piedra, papel y tijera</subfield>
    <subfield code="c">In&#xE9;s Garland</subfield>
    <subfield code="h">libro</subfield>
  </datafield>
  <datafield tag="250" ind1=" " ind2=" ">
    <subfield code="a">1a.ed</subfield>
  </datafield>
  <datafield tag="260" ind1=" " ind2=" ">
    <subfield code="a">Ciudad Aut&#xF3;noma de Buenos Aires : </subfield>
    <subfield code="b">Santillana,</subfield>
    <subfield code="c">2023</subfield>
  </datafield>
  <datafield tag="300" ind1=" " ind2=" ">
    <subfield code="a">192 p. ;</subfield>
    <subfield code="c">22x14 cm</subfield>
  </datafield>
  <datafield tag="490" ind1=" " ind2=" ">
    <subfield code="a">Loqueleo./ Identidades Bonaerenses</subfield>
  </datafield>
  <datafield tag="500" ind1=" " ind2=" ">
    <subfield code="a">Novela juvenil. Historia de amores imposibles y sue&#xF1;os que ese pierden en la turbias aguas del r&#xED;o. Trraducida acuatro iiomas. </subfield>
  </datafield>
  <datafield tag="650" ind1=" " ind2=" ">
    <subfield code="2">tell</subfield>
    <subfield code="a">Literatura juvenil</subfield>
  </datafield>
  <datafield tag="651" ind1=" " ind2=" ">
    <subfield code="2">unescot</subfield>
    <subfield code="a">Argentina</subfield>
  </datafield>
  <datafield tag="830" ind1=" " ind2=" ">
    <subfield code="v">Identidades Bonaerenses</subfield>
  </datafield>
  <datafield tag="929" ind1=" " ind2=" ">
    <subfield code="a">DONACION</subfield>
    <subfield code="b">Ministerio de Educaci&#xF3;n de la Provincia de Buenos Aires</subfield>
    <subfield code="c">0</subfield>
    <subfield code="d">0</subfield>
    <subfield code="e">05/11/2024</subfield>
    <subfield code="f">PAT0082657</subfield>
  </datafield>
  <datafield tag="942" ind1=" " ind2=" ">
    <subfield code="c">LIB</subfield>
  </datafield>
  <datafield tag="999" ind1=" " ind2=" ">
    <subfield code="c">1206</subfield>
    <subfield code="d">1206</subfield>
  </datafield>
</record>
